<?xml version="1.0" encoding="UTF-8"?>
<record
    xmlns:xsi="http://www.w3.org/2001/XMLSchema-instance"
    xsi:schemaLocation="http://www.loc.gov/MARC21/slim http://www.loc.gov/standards/marcxml/schema/MARC21slim.xsd"
    xmlns="http://www.loc.gov/MARC21/slim">

  <leader>01031nam a22002177a 4500</leader>
  <controlfield tag="005">20240506101628.0</controlfield>
  <controlfield tag="008">231204b           ||||| |||| 00| 0 eng d</controlfield>
  <datafield tag="040" ind1=" " ind2=" ">
    <subfield code="c">AL</subfield>
  </datafield>
  <datafield tag="041" ind1=" " ind2=" ">
    <subfield code="a">Kannada</subfield>
  </datafield>
  <datafield tag="082" ind1=" " ind2=" ">
    <subfield code="2">23</subfield>
    <subfield code="a">K894.1</subfield>
    <subfield code="b">POOA</subfield>
  </datafield>
  <datafield tag="100" ind1=" " ind2=" ">
    <subfield code="a">Poornima Suresh </subfield>
    <subfield code="9">163193</subfield>
  </datafield>
  <datafield tag="100" ind1=" " ind2=" ">
    <subfield code="9">144602</subfield>
    <subfield code="d">&#xCAA;&#xCC2;&#xCB0;&#xCCD;&#xCA3;&#xCBF;&#xCAE;&#xCBE; &#xCB8;&#xCC1;&#xCB0;&#xCC7;&#xCB6;&#xCCD; </subfield>
  </datafield>
  <datafield tag="245" ind1=" " ind2=" ">
    <subfield code="a">Akkanantobbalu Anurakthe :Kavana Sankalana</subfield>
    <subfield code="b"> &#xC85;&#xC95;&#xCCD;&#xC95;&#xCA8;&#xC82;&#xCA4;&#xCCA;&#xCAC;&#xCCD;&#xCAC;&#xCB3;&#xCC1; &#xC85;&#xCA8;&#xCC1;&#xCB0;&#xC95;&#xCCD;&#xCA4;&#xCC6; :&#xC95;&#xCB5;&#xCA8; &#xCB8;&#xC82;&#xC95;&#xCB2;&#xCA8; </subfield>
  </datafield>
  <datafield tag="260" ind1=" " ind2=" ">
    <subfield code="a">Mangalagangothri &#xCAE;&#xC82;&#xC97;&#xCB3;&#xC97;&#xC82;&#xC97;&#xCCB;&#xCA4;&#xCCD;&#xCB0;&#xCBF; </subfield>
    <subfield code="b">Prasaranga Mangalore University &#xCAA;&#xCCD;&#xCB0;&#xCB8;&#xCBE;&#xCB0;&#xCBE;&#xC82;&#xC97; &#xCAE;&#xC82;&#xC97;&#xCB3;&#xCC2;&#xCB0;&#xCC1; &#xCB5;&#xCBF;&#xCB6;&#xCCD;&#xCB5;&#xCB5;&#xCBF;&#xCA6;&#xCCD;&#xCAF;&#xCBE;&#xCA8;&#xCBF;&#xCB2;&#xCAF;</subfield>
    <subfield code="c">2017</subfield>
  </datafield>
  <datafield tag="300" ind1=" " ind2=" ">
    <subfield code="a">xvii,86 p.</subfield>
    <subfield code="b">PB</subfield>
    <subfield code="c">21x14 cm.</subfield>
  </datafield>
  <datafield tag="365" ind1=" " ind2=" ">
    <subfield code="a">063-065</subfield>
    <subfield code="b">&#x20B9;50.00</subfield>
    <subfield code="c">&#x20B9;</subfield>
    <subfield code="d">&#x20B9;100.00</subfield>
    <subfield code="e">50%</subfield>
    <subfield code="f">23-11-2023</subfield>
  </datafield>
  <datafield tag="440" ind1=" " ind2=" ">
    <subfield code="a">Prasaranga srujanasheela malike &#xCAA;&#xCCD;&#xCB0;&#xCB8;&#xCBE;&#xCB0;&#xCBE;&#xC82;&#xC97; &#xCB8;&#xCC3;&#xC9C;&#xCA8;&#xCB6;&#xCC0;&#xCB2; &#xCAE;&#xCBE;&#xCB2;&#xCBF;&#xC95;&#xCC6; </subfield>
    <subfield code="9">144168</subfield>
  </datafield>
  <datafield tag="650" ind1=" " ind2=" ">
    <subfield code="a">Poems &#xC95;&#xCBE;&#xCB5;&#xCCD;&#xCAF; </subfield>
    <subfield code="9">144169</subfield>
  </datafield>
  <datafield tag="700" ind1=" " ind2=" ">
    <subfield code="a">POORNIMA SURESH</subfield>
    <subfield code="9">144603</subfield>
  </datafield>
  <datafield tag="942" ind1=" " ind2=" ">
    <subfield code="2">ddc</subfield>
    <subfield code="c">BK</subfield>
  </datafield>
  <datafield tag="999" ind1=" " ind2=" ">
    <subfield code="c">229361</subfield>
    <subfield code="d">229361</subfield>
  </datafield>
  <datafield tag="952" ind1=" " ind2=" ">
    <subfield code="0">0</subfield>
    <subfield code="1">0</subfield>
    <subfield code="2">ddc</subfield>
    <subfield code="4">0</subfield>
    <subfield code="7">0</subfield>
    <subfield code="8">KAN</subfield>
    <subfield code="a">AL</subfield>
    <subfield code="b">AL</subfield>
    <subfield code="d">2023-11-24</subfield>
    <subfield code="e">Prasaranga Mangalore University</subfield>
    <subfield code="g">50.00</subfield>
    <subfield code="l">0</subfield>
    <subfield code="o">K894.1 POOA</subfield>
    <subfield code="p">076938</subfield>
    <subfield code="r">2023-12-04 00:00:00</subfield>
    <subfield code="v">100.00</subfield>
    <subfield code="w">2023-12-04</subfield>
    <subfield code="y">BK</subfield>
  </datafield>
</record>
